Best British Breakthrough act Winners - Statistics

General Stats
  • This quiz has been taken 186 times
  • The average score is 11 of 29
Answer Stats
Hint Answer % Correct
1995 // Wonderwall Oasis
88%
2012 // A-Team Ed Sheeran
77%
2008 // Grace Kelly Mika
68%
2009 // Mercy Duffy
66%
2006 // I Bet That you look good on the dance floor The Arctic Monkeys
63%
2005 // Somewhere only we know Keane
61%
2004 // Year 3000 Busted
54%
2011 // Pass Out Tinie Tempah
51%
2010 // Beat Again JLS
46%
2003 // Evergreen Will Young
46%
1982 // Don't you want me The Human League
45%
1998 // Dakota Stereophonics
43%
1988 // Love is all around us Wet Wet Wet
37%
2000 // Reach S Club 7
36%
1989 // When will i be famous Bros
35%
1987 // Caravan of love The Housemartins
31%
1996 // Alright Supergrass
29%
2002 // One Love Blue
27%
1994 // Out of reach Gabrielle
25%
2007 // No Tomorrow Orson
23%
1984 // Wherever I lay my hat Paul Young
23%
1993 // Sleeping satellite Tasmin Archer
23%
1991 // Doin the do Betty Boo
20%
1997 // Hush Kula Shaker
19%
2001 // Take On Me A1
18%
1977 // Don't cry for me Argentina Julie Covington
13%
1990 // All Woman Lisa Stansfield
12%
1999 // I fought in a war Belle & Sebastian
4%
1992 // Joey Beverly craven
1%
No matching quizzes found
Score Distribution
Percent of People with Each Score
Percentile by Number Answered
Your Score History
You have not taken this quiz